Desarrollo de la educación media (Record no. 65716)

MARC details
000 -CABECERA
campo de control de longitud fija 00564nam a2200217 a 4500
005 - FECHA Y HORA DE LA ÚLTIMA TRANSACCIÓN
campo de control 20210219153007.0
008 - ELEMENTOS DE LONGITUD FIJA--INFORMACIÓN GENERAL
campo de control de longitud fija 991125n 000 0 u
035 ## - NÚMERO DE CONTROL DEL SISTEMA
Número de control de sistema UPN01000071785
100 ## - ASIENTO PRINCIPAL--NOMBRE PERSONAL
Nombre de persona GARCIA RUIZ, Ramon, 1908-
222 ## - TÍTULO CLAVE
Título clave COMUNICACION EDUCATIVA
245 ## - MENCIÓN DE TÍTULO
Título Desarrollo de la educación media
300 ## - DESCRIPCIÓN FÍSICA
Extensión 8
362 ## - FECHAS DE PUBLICACIÓN Y/O DESIGNACIÓN SECUENCIAL
Fecha de publicación y/o designación secuencial 1981 Año 2, no. <4=04> feb.
653 0# - TERMINO DE INDIZACION - NO CONTROLADO
Término no controlado EDUCACION
653 0# - TERMINO DE INDIZACION - NO CONTROLADO
Término no controlado EDUCACION MEDIA SUPERIOR
653 0# - TERMINO DE INDIZACION - NO CONTROLADO
Término no controlado EDUCACION TÉCNICA
653 0# - TERMINO DE INDIZACION - NO CONTROLADO
Término no controlado HISTORIA
653 0# - TERMINO DE INDIZACION - NO CONTROLADO
Término no controlado MEXICO
904 ## - ELEMENTOS DE DATOS D LOCAL, LDD (RLIN)
a AC
b 009596
905 ## - TIPO DE MATERIAL
Tipo de material Articulo

No items available.